Schaum's outlines calculus / (Record no. 22406)

MARC details
000 -LEADER
fixed length control field 01748cam a2200421 i 4500
001 - CONTROL NUMBER
control field 17449746
003 - CONTROL NUMBER IDENTIFIER
control field EG-ScBUE
005 - DATE AND TIME OF LATEST TRANSACTION
control field 20241009142911.0
008 - FIXED-LENGTH DATA ELEMENTS--GENERAL INFORMATION
fixed length control field 120831t2013 nyua f 001 0 eng d
020 ## - INTERNATIONAL STANDARD BOOK NUMBER
International Standard Book Number 9780071795531 (pbk : acid-free paper)
020 ## - INTERNATIONAL STANDARD BOOK NUMBER
International Standard Book Number 0071795537 (pbk : acid-free paper)
040 ## - CATALOGING SOURCE
Original cataloging agency DLC
Language of cataloging eng
Description conventions rda
Transcribing agency DLC
Modifying agency EG-ScBUE
082 04 - DEWEY DECIMAL CLASSIFICATION NUMBER
Classification number 515.076
Item number AYR
Edition number 22
100 1# - MAIN ENTRY--PERSONAL NAME
Personal name Ayres, Frank,
Dates associated with a name 1901-1994‏,
Relator term author.
9 (RLIN) 28291
245 10 - TITLE STATEMENT
Title Schaum's outlines calculus /
Statement of responsibility, etc Frank Ayres, former professor and Head of the Department of Mathematics, Dickinson College, Elliot Mendelson, professor of mathematics, Queens College.
250 ## - EDITION STATEMENT
Edition statement Sixth edition.
264 #1 - PUBLICATION, DISTRIBUTION, ETC. (IMPRINT)
Place of publication, distribution, etc New York :
Name of publisher, distributor, etc McGraw-Hill,
Date of publication, distribution, etc [2013]
264 #4 - PUBLICATION, DISTRIBUTION, ETC. (IMPRINT)
Date of publication, distribution, etc c2013
300 ## - PHYSICAL DESCRIPTION
Extent xii, 534 pages :
Other physical details illustrations ;
Dimensions 28 cm.
336 ## - CONTENT TYPE
Source rdacontent
Content type term text
Content type code txt
337 ## - MEDIA TYPE
Media type term unmediated
Source rdamedia
Media type code n
338 ## - CARRIER TYPE
Carrier type term volume
Carrier type code nc
Source rdacarrier
490 0# - SERIES STATEMENT
Series statement Schaum’s outline series
500 ## - GENERAL NOTE
General note Revision of : Schaum's outline of theory and problems of differential and integral calculus. 3rd ed. c1990.
500 ## - GENERAL NOTE
General note Includes index.<br/>
500 ## - GENERAL NOTE
General note Includes appendixs.
500 ## - GENERAL NOTE
General note Use with these coureses : Calculus I - Calculus II - Calculus III - AP Calculus - Precalculus.
650 #7 - SUBJECT ADDED ENTRY--TOPICAL TERM
Topical term or geographic name as entry element Calculus
Form subdivision Outlines, syllabi, etc.
Source of heading or term BUEsh
9 (RLIN) 41233
650 #7 - SUBJECT ADDED ENTRY--TOPICAL TERM
Topical term or geographic name as entry element Calculus
Form subdivision Problems, exercises, etc.
Source of heading or term BUEsh
9 (RLIN) 36748
651 ## - SUBJECT ADDED ENTRY--GEOGRAPHIC NAME
Source of heading or term BUEsh
653 ## - INDEX TERM--UNCONTROLLED
Resource For college Engineering, Electrical
Arrived date list September2016
655 ## - INDEX TERM--GENRE/FORM
Form subdivision Reading book
9 (RLIN) 34232
700 1# - ADDED ENTRY--PERSONAL NAME
Personal name Mendelson, Elliott‏,
Relator term author.
9 (RLIN) 41234
906 ## - LOCAL DATA ELEMENT F, LDF (RLIN)
a 7
b cbc
c origcop
d 3
e epcn
f 20
g y-gencatlg
942 ## - ADDED ENTRY ELEMENTS (KOHA)
Source of classification or shelving scheme Dewey Decimal Classification
Koha item type Book - Borrowing
Holdings
Withdrawn status Lost status Source of classification or shelving scheme Damaged status Not for loan Collection code Home library Current library Shelving location Date acquired Source of acquisition Cost, normal purchase price Total Checkouts Total Renewals Full call number Barcode Date last seen Date checked out Koha item type
    Dewey Decimal Classification     Baccah Central Library Central Library First floor 26/09/2016 Purchase 280.00 3 10 515.076 AYR 000033716 15/07/2025 27/02/2021 Book - Borrowing